000 00240nam a2200097Ia 4500
008 120527s9999 xx 000 0 und d
100 _aPAW &BODENHAM
245 _a Percutaneous Traheostomy A practical Handbook
260 _bGMM
942 _cBK
999 _c25758
_d25758